| 000 | 00646nam a2200181 i 4500 | ||
|---|---|---|---|
| 001 | 31573 | ||
| 003 | ES-MaACL | ||
| 007 | t| | ||
| 008 | 030129s1953 sp ||||1| spa d | ||
| 100 | 1 |
_aBeneyto, Juan. _927558 |
|
| 245 | 1 | 0 |
_aDel feudo a la Economía Nacional _b: el ensanchamiento del ámbito económico en su proyección histórico-política / _cJuan Beneyto. |
| 260 |
_aMadrid : _bAguilar, _c[1953] ( _fOgrama) |
||
| 300 |
_aXVI, 185 p. ; _c19 cm. |
||
| 490 | 1 | _aBiblioteca de ciencias sociales | |
| 830 | 0 | 0 |
_aBiblioteca de ciencias sociales (Aguilar) _9220462 |
| 852 |
_aES-MaACL _jC-7400 _bR.35732 |
||
| 999 |
_c31573 _d31573 |
||